000 01487nmm a2200469 a 4500
003 AR-BaBNM
005 20251128210754.0
008 271020s2000 ||||||||||||||000 | spa||
020 _a987-97800-1-9
040 _cAR-BaBNM
100 1 _aSan Martín, Patricia
245 1 0 _aDiversidad cultural y fracaso escolar
_beducación intercultural : de la teoría a la práctica
260 _aRosario
_bEdiciones IRICE
_c2000
300 _a285 p.
_btablas, il.
500 _aContiene referencias bibliográficas
650 4 _aEDUCACION MULTICULTURAL
650 4 _aABORIGENES
650 4 _aPROGRAMAS DE EDUCACION
650 4 _aBILINGUISMO
650 4 _aRELACION ESCUELA-COMUNIDAD
650 4 _aEDUCACION ARTISTICA
650 4 _aENSEÑANZA DE LAS CIENCIAS SOCIALES
650 4 _aINTERDISCIPLINARIEDAD
651 4 _aSanta Fe
653 _aFRACASO ESCOLAR
653 _aEDUCACION EN LA DIVERSIDAD
653 _aMARGINACION EDUCATIVA
653 _aCOMUNIDAD EDUCATIVA
653 _aADAPTACIONES CURRICULARES
653 _aESTRATEGIAS DIDACTICAS
653 _aEXPERIENCIAS EDUCATIVAS
653 _aPROYECTO EDUCATIVO INSTITUCIONAL
653 _aCONTENIDOS CURRICULARES
653 _aCONTENIDOS TRANSVERSALES
700 1 _aSagastizabal, María de los Angeles
_edirector
700 1 _aPerlo, Claudia
700 1 _aPivetta, Bibiana
700 1 _aMerlo, Sara M.
_ecolaborador
700 1 _aD'Amato, Nélida I.
_ecolaborador
942 _cBK
998 _cRAQUEL
999 _c16839
_d16839